000 00456nam a22001697a 4500
003 OSt
005 20150602131508.0
008 150602b xxu||||| |||| 00| 0 eng d
020 _a9780443072338
040 _cDNLM
100 _aeditor Watson david G
_95136
245 _aPharmaceutical chemisry
260 _aedinburgh;
_bchurchill livingstone,
_c2011
300 _aix,639p.
_bill;
_c25cm
504 _aindex included
942 _2z
_cO_SHELF
_kQX744 P494d 2011
999 _c1955
_d1955